[Event "Bosnjaci op 15th"]
[Site "Bosnjaci"]
[Date "2010.01.07"]
[Round "7"]
[White "Patarcic, Domagoj"]
[Black "Lacic, Stjepan"]
[Result "1-0"]
[WhiteElo "2033"]
[BlackElo "1949"]
[PlyCount "53"]
[EventDate "2010.01.03"]
[EventType "swiss"]
[EventRounds "9"]
[EventCountry "CRO"]
[SourceTitle "CBM 134 Extra"]
[Source "ChessBase"]
[SourceDate "2010.03.03"]
[SourceVersion "1"]
[SourceVersionDate "2010.03.03"]
[SourceQuality "1"]

1. b4 Nf6 2. Bb2 g6 3. Nf3 Bg7 4. e3 0-0 5. c4 d6 6. d4 b6 7. Be2 Bb7 8. 0-0 Nbd7 9. Nbd2 e6 10. Qc2 Rc8 11. c5 dxc5 12. dxc5 bxc5 13. bxc5 Ba8 14. Rad1 Bc6 15. Nb3 Nd5 16. Bxg7 Kxg7 17. e4 N5f6 18. Ne5 Bxe4 19. Qc3 Bd5 20. Ng4 c6 21. Ba6 Rb8 22. Na5 Kg8 23. Nxc6 Qc7 24. Ne7+ Kg7 25. Nxd5 exd5 26. Rxd5 Qc6 27. Rxd7 1-0

[Event "Bosnjaci op 15th"]
[Site "Bosnjaci"]
[Date "2010.01.04"]
[Round "3"]
[White "Stocko, Josip"]
[Black "Lacic, Stjepan"]
[Result "1-0"]
[WhiteElo "2194"]
[BlackElo "1949"]
[PlyCount "79"]
[EventDate "2010.01.03"]
[EventType "swiss"]
[EventRounds "9"]
[EventCountry "CRO"]
[SourceTitle "CBM 134 Extra"]
[Source "ChessBase"]
[SourceDate "2010.03.03"]
[SourceVersion "1"]
[SourceVersionDate "2010.03.03"]
[SourceQuality "1"]

1. Nf3 Nf6 2. g3 Nc6 3. Bg2 g6 4. 0-0 Bg7 5. d3 0-0 6. Nbd2 d6 7. h3 Bd7 8. e4 Qc8 9. Kh2 e5 10. c3 Nh5 11. Ne1 f5 12. exf5 Be8 13. fxg6 Bxg6 14. Ndf3 Qd7 15. Ng5 Rae8 16. Qb3+ Kh8 17. Qxb7 d5 18. Qb3 Ne7 19. Ngf3 Qd6 20. Nh4 Bf7 21. Qd1 c6 22. Bg5 Bf6 23. Nef3 Rg8 24. Bxf6+ Qxf6 25. d4 e4 26. Ne5 Nf5 27. Ng4 Rxg4 28. Qxg4 Nxh4 29. Qxh4 Qxh4 30. gxh4 Nf4 31. Rfe1 Rg8 32. Bf1 Bh5 33. Re3 Bf3 34. Rxf3 exf3 35. Re1 Ng2 36. Re6 Nxh4 37. Rxc6 Re8 38. Kg3 Re2 39. Bxe2 fxe2 40. Re6 1-0

[Event "Bosnjaci op 15th"]
[Site "Bosnjaci"]
[Date "2010.01.03"]
[Round "1"]
[White "Armanda, Ivica"]
[Black "Lacic, Stjepan"]
[Result "1-0"]
[WhiteElo "2345"]
[BlackElo "1949"]
[PlyCount "42"]
[EventDate "2010.01.03"]
[EventType "swiss"]
[EventRounds "9"]
[EventCountry "CRO"]
[SourceTitle "CBM 134 Extra"]
[Source "ChessBase"]
[SourceDate "2010.03.03"]
[SourceVersion "1"]
[SourceVersionDate "2010.03.03"]
[SourceQuality "1"]

1. e4 e5 2. Nf3 Nc6 3. Bc4 h6 4. 0-0 Nf6 5. d4 Bd6 6. dxe5 Nxe5 7. Nxe5 Bxe5 8. f4 Bd6 9. e5 Bc5+ 10. Kh1 Nh7 11. Bxf7+ Kxf7 12. Qd5+ Ke8 13. Qxc5 b6 14. Qd5 Rb8 15. Nc3 Bb7 16. Qd3 Qe7 17. Bd2 Qf7 18. Rae1 Nf8 19. f5 Qh5 20. Nd5 Kd8 21. e6 Nxe6 1-0